[Event "EU-ch Amateur Online Final 1700/2000"]
[Site "Tornelo INT"]
[Date "2021.04.25"]
[Round "8"]
[White "Drakaki, Anna Maria"]
[Black "Skobe, Jan"]
[Result "1/2-1/2"]
[WhiteElo "1997"]
[BlackElo "1887"]
[PlyCount "77"]
[EventDate "2021.04.25"]
[EventType "swiss (rapid)"]
[EventRounds "9"]
[EventCountry "NET"]
[SourceTitle "EXT 2023"]
[Source "ChessBase"]
[SourceDate "2022.10.05"]
[SourceVersion "1"]
[SourceVersionDate "2022.10.05"]
[SourceQuality "1"]

1. d4 Nf6 2. c4 d6 3. Nf3 g6 4. Nc3 Bg7 5. Bf4 0-0 6. e3 c6 7. h3 Re8 8. Be2 Nbd7 9. 0-0 Qb6 10. Rb1 e5 11. Bh2 a5 12. c5 Qd8 13. cxd6 e4 14. Nd2 Nb6 15. Be5 Bf5 16. g4 Be6 17. Ndxe4 Nxe4 18. Nxe4 Bxa2 19. Ra1 Bd5 20. Nc5 Bxe5 21. dxe5 Rxe5 22. Nxb7 Qh4 23. Kh2 h5 24. Qd4 Re4 25. Qxb6 hxg4 26. Bxg4 Rxg4 27. e4 Bxe4 28. Rg1 Rf4 29. Raf1 Bf5 30. Rg3 Kg7 31. Qe3 Rh8 32. Qe5+ Kg8 33. Qe8+ Kg7 34. Qe5+ Kg8 35. Qe3 Re4 36. Qf3 Rf4 37. Qe3 Re4 38. Qf3 Rf4 39. Qe3 1/2-1/2

[Event "Portoroz Nat Festival 30th"]
[Site "Portoroz"]
[Date "2020.09.05"]
[Round "3"]
[White "Kovac, Boris"]
[Black "Skobe, Jan"]
[Result "1-0"]
[WhiteElo "2211"]
[BlackElo "1863"]
[PlyCount "64"]
[EventDate "2020.09.03"]
[EventType "swiss"]
[EventRounds "9"]
[EventCountry "SLO"]
[SourceTitle "CBM 198 Extra"]
[Source "ChessBase"]
[SourceDate "2020.11.30"]
[SourceVersion "1"]
[SourceVersionDate "2020.11.30"]
[SourceQuality "1"]

1. e4 d5 2. exd5 Qxd5 3. Nc3 Qd8 4. d4 Nf6 5. Nf3 Bg4 6. h3 Bxf3 7. Qxf3 c6 8. Be3 e6 9. a3 Bd6 10. Bd3 Nbd7 11. 0-0 0-0 12. Ne4 Nxe4 13. Qxe4 Nf6 14. Qh4 Be7 15. Rfd1 g6 16. Qg3 Nh5 17. Qg4 Bf6 18. Bc4 Ng7 19. c3 Nf5 20. Bf4 a5 21. a4 Ne7 22. Qf3 Nd5 23. Bg3 Bg7 24. Rab1 Qf6 25. Qe2 Rfe8 26. Re1 Red8 27. Bxd5 Rxd5 28. b4 axb4 29. Rxb4 c5 30. Rxb7 cxd4 31. cxd4 Qxd4 32. a5 Rdxa5 1-0

[Event "Portoroz Nat Festival 30th"]
[Site "Portoroz"]
[Date "2020.09.04"]
[Round "2"]
[White "Skobe, Jan"]
[Black "Pozun, Matej"]
[Result "0-1"]
[WhiteElo "1863"]
[BlackElo "2148"]
[PlyCount "76"]
[EventDate "2020.09.03"]
[EventType "swiss"]
[EventRounds "9"]
[EventCountry "SLO"]
[SourceTitle "CBM 198 Extra"]
[Source "ChessBase"]
[SourceDate "2020.11.30"]
[SourceVersion "1"]
[SourceVersionDate "2020.11.30"]
[SourceQuality "1"]

1. d4 Nf6 2. c4 g6 3. Nc3 d5 4. cxd5 Nxd5 5. e4 Nxc3 6. bxc3 Bg7 7. Be3 c5 8. Qd2 Qa5 9. Nf3 Nc6 10. h3 0-0 11. Rc1 cxd4 12. cxd4 Qxd2+ 13. Kxd2 Rd8 14. Rc4 Nxd4 15. Nxd4 e5 16. Bd3 exd4 17. Bg5 Re8 18. f4 b5 19. Rc7 a6 20. a4 Be6 21. axb5 axb5 22. Rb1 Ra2+ 23. Rc2 Rxc2+ 24. Bxc2 Bc4 25. Bd3 h6 26. Bh4 Ra8 27. Rb2 Ra3 28. Bxc4 bxc4 29. Rc2 Ra4 30. Bf2 d3 31. Rc1 Ra2+ 32. Ke3 Re2+ 33. Kf3 c3 34. e5 c2 35. Be3 Bf8 36. Ra1 Bb4 37. Bd4 d2 38. Ra8+ Bf8 0-1